Music Quiz

Random Music or Billboard Quiz
Score 0/100 Timer 10:00
1 Play Today
Song Artist % Correct
Philadelphia FreedomElton John
92.8%
Lucy in the Sky With DiamondsElton John
92.8%
Someone Saved My Life TonightElton John
92.8%
Jive Talkin'Bee Gees
86.2%
Killer QueenQueen
83.8%
MandyBarry Manilow
83.2%
Could It Be MagicBarry Manilow
83.2%
Thank God I'm a Country BoyJohn Denver
82%
I'm Sorry/CalypsoJohn Denver
82%
Rhinestone CowboyGlen Campbell
80.3%
One of These NightsEagles
78.2%
Best of My LoveEagles
78.2%
Love Will Keep Us TogetherCaptain and Tennille
76.3%
Listen to What the Man SaidWings
75%
Junior's Farm/Sally GWings
75%
FameDavid Bowie
70.4%
Sister Golden HairAmerica
65.6%
Lonely PeopleAmerica
65.6%
Black WaterThe Doobie Brothers
64.8%
Have You Never Been Mellow?Olivia Newton-John
61.3%
Please Mr. PleaseOlivia Newton-John
61.3%
When Will I Be LovedLinda Ronstadt
60.6%
You're No GoodLinda Ronstadt
60.6%
Cat's in the CradleHarry Chapin
59.7%
Shining StarEarth, Wind and Fire
58.9%
That's the Way of the WorldEarth, Wind and Fire
58.9%
Why Can't We Be FriendsWar
58.7%
How Sweet It Is (To Be Loved by You)James Taylor
57.4%
Laughter in the RainNeil Sedaka
56.5%
Bad BloodNeil Sedaka
56.5%
Get Down TonightKC and the Sunshine Band
56.4%
Boogie on Reggae WomanStevie Wonder
55.6%
My Eyes Adored YouFrankie Valli
55%
Swearin' to GodFrankie Valli
55%
Song Artist % Correct
You Ain't Seen Nothin' Yet/Free Wheelin'Bachman-Turner Overdrive
53.9%
Ballroom BlitzSweet
53.8%
You're the First, The Last, My EverythingBarry White
53.4%
Lady MarmaladeLabelle
52.5%
Please Mr. PostmanCarpenters
52.2%
Only YesterdayCarpenters
52.2%
You Are So Beautiful/It's a Sin When You Love SomebodyJoe Cocker
51.2%
I'm Not in Love10cc
50.8%
Feel Like Makin' LoveBad Company
49.7%
At SeventeenJanis Ian
49%
Kung Fu FightingCarl Douglas
47.6%
Doctor's OrdersCarol Douglas
44%
Before the Next Teardrop FallsFreddy Fender
43.8%
Wasted Days and Wasted NightsFreddy Fender
43.8%
Lovin' YouMinnie Riperton
43.7%
No No Song/SnookerooRingo Starr
42.7%
Only You (And You Alone)Ringo Starr
42.7%
Bungle in the JungleJethro Tull
42.7%
Can't Get it Out of My HeadElectric Light Orchestra
41.6%
Angie BabyHelen Reddy
41.6%
LadyStyx
41.4%
Pick Up the PiecesAWB
39.5%
Cut the CakeAWB
39.5%
(Hey Won't You Play) Another Somebody Done Somebody Wrong SongBJ Thomas
39%
Bad TimeGrand Funk Railroad
38.5%
Some Kind of WonderfulGrand Funk Railroad
38.5%
Only Women BleedAlice Cooper
37.9%
The HustleVan McCoy & The Soul City Symphony
36%
Long Tall Glasses (I Can Dance)Leo Sayer
31.7%
MistyRay Stevens
31.6%
Get Down, Get Down (Get on the Floor)Joe Simon
30.9%
Dance With MeOrleans
30%
Jackie BlueOzark Mountain Daredevils
29%
WildfireMichael Murphey
28.8%
Song Artist % Correct
Never Can Say GoodbyeGloria Gaynor
27%
The Way We Were/Try To RememberGladys Knight & The Pips
26.5%
How LongAce
26.2%
FireThe Ohio Players
26.1%
One Man Woman/One Woman ManPaul Anka & Odia Coates
25.3%
I Don't Like to Sleep AlonePaul Anka
25.2%
He Don't Love You (Like I Love You)Tony Orlando & Dawn
24.3%
Poetry ManPhoebe Snow
23.9%
Morning Side of the MountainDonny & Marie Osmond
23.8%
When Will I See You AgainThe Three Degrees
23.6%
Midnight BlueMelissa Manchester
23.1%
Chevy VanSammy Johns
22.5%
Love Won't Let Me WaitMajor Harris
22%
Sha-La-La (Makes Me Happy)Al Green
21.8%
MagicPilot
21.5%
The Rockford Files ThemeMike Post
20.8%
I Can HelpBilly Swan
20.4%
FeelingsMorris Albert
20.3%
Fight the Power, Pt. 1The Isley Brothers
19.2%
I'm Not LisaJessi Colter
19.1%
Fallin' In LoveHamilton, Joe Frank & Reynolds
14.7%
ExpressBT Express
13.3%
Do It ('Til You're Satisfied)BT Express
13.3%
It Only Takes a MinuteTavares
12.8%
Don't Call Us, We'll Call YouSugarloaf
11.8%
Walking in RhythmThe Blackbyrds
11.2%
Third Rate RomanceAmazing Rhythm Aces
9.6%
Get Dancin'Disco Tex & The Sex-o-lettes
8.7%
You Got the LoveRufus
8.3%
Shoeshine BoyEddie Kendricks
8.1%
I'm on FireDwight Twilley Band
6.2%
DynomiteBazuka
5.8%

You're not logged in!

Compare scores with friends on all Sporcle quizzes.
OR
Log In

Sporcle TV

Today on Sporcle TV


Watch our educational content, quiz creation guides, and fun videos on Sporcle TV.

Show Comments

Extras

Top Quizzes Today


Score Distribution

Your Account Isn't Verified!

In order to create a playlist on Sporcle, you need to verify the email address you used during registration. Go to your Sporcle Settings to finish the process.

Report this User

Report this user for behavior that violates our Community Guidelines.

Details: